Hunter's Moon lyrics by Ghost - Statistics

General Stats
  • This quiz has been taken 67 times
  • The average score is 146 of 168
Answer Stats
Lyrics % Correct
a
100%
been
97%
friend
97%
It's
97%
long
97%
my
97%
time
97%
you,
97%
you
97%
again
94%
for
94%
I'm
94%
me
94%
To
94%
to
94%
as
90%
back
90%
Back
90%
coming
90%
memories
90%
the
90%
They
90%
children
87%
come
87%
faded,
87%
have
87%
hide
87%
once
87%
Though
87%
though
87%
where
87%
And
84%
haunt
84%
hunter's
84%
moon
84%
is
81%
mind
77%
see
77%
we'd
77%
dying
74%
in
74%
now
74%
Tonight
74%
jaded
71%
strike
71%
old
68%
somewhat
68%
one
65%
sister
65%
cemetery
61%
headstone,
61%
last
58%
together
58%
Under
55%
(ah)
48%
Ooh,
23%
No matching quizzes found
Score Distribution
Percent of People with Each Score
Percentile by Number Answered
Your Score History
You have not taken this quiz